000 01020cam a22002655a 4500
001 18298051
005 20161018155326.0
008 140911t2015 njua frbd 001 0 eng d
020 _a9780470603413
040 _aDLC
_beng
_cDLC
_dDLC
_dEG-ScBUE
082 0 4 _a005.16
_222
_bTRI
100 1 _aTripathy, Priyadarshi,
_d1958-
245 1 0 _aSoftware evolution and maintenance :
_ba practitioner's approach /
_cPriyadarshi Tripathy, Kshirasagar Naik.
260 _aHoboken :
_bJohn Wiley &Sons,
_cc.2015.
300 _axxii, 393 p. :
_bill. ;
_c25 cm.
500 _aGlossary : p. 359-378.
500 _aIndex : p. 379-393.
504 _aIncludes bibliographical references.
650 7 _aSoftware maintenance.
_2BUEsh
_916994
651 _2BUEsh
653 _bCOMSCI
_cOctober2016
700 1 _aNaik, Kshirasagar,
_d1959-
776 0 8 _iOnline version:
_aTripathy, Priyadarshi, 1958-
_tSoftware evolution and maintenance
_dHoboken, New Jersey : John Wiley & Sons Inc., [2015]
_z9781118960295
_w(DLC) 2014036409
942 _2ddc
999 _c22697
_d22669